Statistieken voor Gemeenten van Utrecht

Klik hier om de quiz te nemen!

Algemene statistieken

  • Deze quiz is 81 keer genomen
  • De gemiddelde score is 16 van 26

Antwoordstatistieken

Antwoord% Correct
Amersfoort
100%
Utrecht
100%
Zeist
81%
Houten
74%
Nieuwegein
74%
De Bilt
70%
Soest
70%
Utrechtse Heuvelrug
70%
Veenendaal
70%
Woerden
70%
Bunnik
67%
Bunschoten
67%
IJsselstein
67%
Lopik
63%
Baarn
59%
Leusden
59%
Rhenen
59%
Wijk bij Duurstede
56%
Woudenberg
56%
Renswoude
52%
Montfoort
48%
Eemnes
44%
Stichtse Vecht
44%
Oudewater
41%
De Ronde Venen
37%
Vijfheerenlanden
33%

Scoreverdeling

Percentiel versus Aantal Correcte Antwoorden

Procent van Mensen met Elke Score

Uw Scoregeschiedenis

U heeft deze quiz nog niet genomen